[Event "Lichtenberger Sommer 2023"]
[Site "Berlin"]
[Date "2023.08.13"]
[Round "2.51"]
[White "Schülke, Rosalie"]
[Black "Muskewitz, Bernd"]
[Result "1-0"]
[WhiteElo "1387"]
[BlackElo "1879"]
[PlyCount "53"]
[EventDate "2023.??.??"]
[WhiteTeam "SV Königsjäger Süd-West e.V."]
[BlackTeam "SF Nordost Berlin"]

1. e4 c5 2. Nf3 e6 3. c4 Nc6 4. Nc3 Nf6 5. Be2 Be7 6. O-O O-O 7. d4 cxd4 8.
Nxd4 d6 9. Be3 Bd7 10. Ndb5 Bc8 11. Qc2 a6 12. Nd4 Nxd4 13. Bxd4 Bd7 14. Rad1
Qc7 15. f4 Bc6 16. f5 exf5 17. exf5 Rac8 18. Qd3 Rfd8 19. Qe3 Re8 20. Bb6 Qd7
21. Qg3 d5 22. cxd5 Nxd5 23. Nxd5 Bxd5 24. Bf3 Bc5+ 25. Bxc5 Rxc5 26. f6 g6 27.
Qg5 1-0

[Event "Lichtenberger Sommer 2023"]
[Site "Berlin"]
[Date "2023.08.13"]
[Round "2.52"]
[White "Grassi, Fabrizio"]
[Black "Morper, Justus"]
[Result "1-0"]
[WhiteElo "1878"]
[BlackElo "1432"]
[PlyCount "94"]
[EventDate "2023.??.??"]
[WhiteTeam "SV Berlin-Friedrichstadt"]
[BlackTeam "SV Mattnetz Berlin e.V."]

1. d4 d5 2. Bf4 Nf6 3. e3 Bf5 4. c4 e6 5. Nc3 Bd6 6. Bg5 c6 7. Qb3 b6 8. cxd5
exd5 9. Nf3 O-O 10. Be2 h6 11. Bh4 Nbd7 12. O-O Qc7 13. Rac1 Qb7 14. Rfd1 Rfe8
15. Bg3 Bxg3 16. hxg3 Ne4 17. Nxe4 Bxe4 18. Bd3 Nf6 19. Qc2 Rac8 20. b4 a6 21.
Nd2 Bxd3 22. Qxd3 Nd7 23. Nb3 Rc7 24. Rc3 Nf8 25. Rdc1 Rec8 26. a4 Ne6 27. Qc2
g6 28. a5 b5 29. Nd2 Ng7 30. Nf3 Nf5 31. Ne5 Ne7 32. Nd3 Kg7 33. Nc5 Qa8 34.
Nd3 Qb7 35. Nf4 Qa8 36. Rc5 Qb7 37. g4 Rd8 38. Nd3 Rdc8 39. Ne5 Qa8 40. f4 Qb7
41. f5 f6 42. Nxg6 Nxg6 43. fxg6 Qa8 44. Qf5 Re7 45. Rxd5 Qb7 46. Rd6 Rf8 47.
Rcxc6 Rc7 1-0

[Event "Lichtenberger Sommer 2023"]
[Site "Berlin"]
[Date "2023.08.13"]
[Round "2.53"]
[White "Straßburg, Moritz"]
[Black "Nöldner, Julian"]
[Result "0-1"]
[WhiteElo "1300"]
[BlackElo "2175"]
[PlyCount "78"]
[EventDate "2023.??.??"]
[WhiteTeam "SF Nordost Berlin"]
[BlackTeam "SF Nordost Berlin"]

1. e4 c6 2. d4 d5 3. exd5 cxd5 4. Nf3 Nc6 5. Be3 Bf5 6. Nbd2 e6 7. c3 Bd6 8.
Bb5 h6 9. O-O Nge7 10. h3 O-O 11. Nb3 Qc7 12. Bd3 Rad8 13. Nh4 Bxd3 14. Qxd3 g5
15. Nf3 Ng6 16. h4 g4 17. h5 Nf4 18. Bxf4 Bxf4 19. Ne1 Qe7 20. g3 Bd6 21. Qe3
Kg7 22. Kg2 Qg5 23. Qxg5+ hxg5 24. f3 gxf3+ 25. Nxf3 g4 26. Ng5 Be7 27. Rxf7+
Rxf7 28. Nxe6+ Kh6 29. Nxd8 Nxd8 30. Re1 Nc6 31. a4 Kxh5 32. Nc5 Bxc5 33. dxc5
a5 34. Rd1 Rd7 35. Rh1+ Kg5 36. Rb1 d4 37. Rd1 dxc3 38. Rxd7 c2 39. Rg7+ Kf6
0-1

[Event "Lichtenberger Sommer 2023"]
[Site "Berlin"]
[Date "2023.08.13"]
[Round "2.54"]
[White "Sklorz, Tobias"]
[Black "Vandre, Wolfgang"]
[Result "1/2-1/2"]
[WhiteElo "1658"]
[BlackElo "2095"]
[PlyCount "62"]
[EventDate "2023.??.??"]
[WhiteTeam "Tempelhofer SV Mariendorf 1897"]
[BlackTeam "SC Berolina Mitte e.V."]

1. e4 c5 2. Nf3 d6 3. d4 cxd4 4. Nxd4 Nf6 5. Nc3 a6 6. Bg5 e6 7. f4 b5 8. e5
dxe5 9. fxe5 Qc7 10. exf6 Qe5+ 11. Be2 Qxg5 12. O-O Ra7 13. Qd3 Rd7 14. Ne4 Qe5
15. Nf3 Qc7 16. Qe3 Bb7 17. Kh1 Qxc2 18. Nfg5 Qxb2 19. fxg7 Bxg7 20. Nxe6 fxe6
21. Bh5+ Kd8 22. Qb6+ Kc8 23. Rac1+ Nc6 24. Rxc6+ Kb8 25. Nc5 Re7 26. Bf3 Rf8
27. Rxe6 Rxf3 28. gxf3 Be5 29. Nxa6+ Ka8 30. Qd8+ Ka7 31. Qb6+ Ka8 1/2-1/2

[Event "Lichtenberger Sommer 2023"]
[Site "Berlin"]
[Date "2023.08.13"]
[Round "2.55"]
[White "Böddeker, Henry"]
[Black "Müller, Johannes"]
[Result "1-0"]
[WhiteElo "2063"]
[BlackElo "1651"]
[PlyCount "41"]
[EventDate "2023.??.??"]
[WhiteTeam "SF Berlin 1903 e.V."]
[BlackTeam "SC Eintracht Berlin e.V."]

1. e4 c6 2. Nc3 e5 3. Nf3 d6 4. d4 Qc7 5. Bc4 Bg4 6. Be3 Nf6 7. Bb3 Be7 8. h3
Bh5 9. Qd3 a5 10. g4 Bg6 11. Nh4 Bxe4 12. Nxe4 Nxe4 13. Nf5 a4 14. Nxg7+ Kf8
15. Bh6 Qa5+ 16. Ke2 Bg5 17. Ne6+ Ke7 18. Nxg5 Nxg5 19. Bxg5+ f6 20. Bxf6+ Kxf6
21. Qf5+ 1-0

[Event "Lichtenberger Sommer 2023"]
[Site "Berlin"]
[Date "2023.08.13"]
[Round "2.56"]
[White "Donath, Johann"]
[Black "Winkler, Michael"]
[Result "0-1"]
[WhiteElo "2043"]
[BlackElo "1642"]
[PlyCount "72"]
[EventDate "2023.??.??"]
[WhiteTeam "BSV 63 Chemie Weißensee"]
[BlackTeam "ESV 1949 Eberswalde e.V."]

1. e4 c5 2. Nf3 Nc6 3. Bb5 a6 4. Bxc6 bxc6 5. O-O g6 6. c3 Bg7 7. d4 cxd4 8.
cxd4 d5 9. e5 Bg4 10. h3 Bxf3 11. Qxf3 e6 12. Nc3 Qb6 13. Rd1 Ne7 14. Na4 Qb4
15. b3 Nf5 16. Bb2 O-O 17. Rac1 Rfc8 18. g4 Nh4 19. Qg3 g5 20. f4 h6 21. fxg5
hxg5 22. Qe3 Ra7 23. Rc5 Rac7 24. Kh1 Bh6 25. Bc3 Qb7 26. Ba5 Re7 27. Rdc1 Ng6
28. Qc3 Nf4 29. Rc2 Bf8 30. Kh2 f6 31. exf6 Rh7 32. Rxc6 Rxc6 33. Qxc6 Rxh3+
34. Kg1 Qh7 35. Nb2 Rh1+ 36. Kf2 Qh2+ 0-1

[Event "Lichtenberger Sommer 2023"]
[Site "Berlin"]
[Date "2023.08.13"]
[Round "2.57"]
[White "Fiedler, Ronald"]
[Black "Keusch, Horst"]
[Result "0-1"]
[WhiteElo "1642"]
[BlackElo "2000"]
[PlyCount "120"]
[EventDate "2023.??.??"]
[WhiteTeam "SVG Läufer Reinickendorf e.V."]
[BlackTeam "SC Friesen Lichtenberg e.V."]

1. d4 f5 2. c4 Nf6 3. Nc3 g6 4. Bf4 Bg7 5. Nf3 d6 6. e3 O-O 7. Be2 c6 8. h3 Ne4
9. O-O Nxc3 10. bxc3 Nd7 11. Rc1 e5 12. Bg5 Qe8 13. dxe5 dxe5 14. c5 Nxc5 15.
Bc4+ Be6 16. Bb3 Nxb3 17. axb3 Rf7 18. Qc2 Bd5 19. Nd2 e4 20. Bf4 Rd7 21. c4
Bf7 22. b4 Rd3 23. Nb3 Rc3 24. Qb1 Rxc4 25. Nc5 Rxc1 26. Rxc1 Qe7 27. Rd1 Bd5
28. b5 Qf7 29. bxc6 bxc6 30. Nb7 Bf8 31. Nd6 Qg7 32. Qc1 a5 33. Nc4 Qb7 34. Qc2
Qb4 35. Ne5 Bb3 36. Qxc6 Ra7 37. Rd4 Qb7 38. Qc3 a4 39. Rd7 Qb6 40. Nc4 Qa6 41.
Rd4 Ra8 42. Nd6 Bg7 43. Qc5 Bxd4 44. exd4 Qa5 45. Qc6 Qd5 46. Qd7 Qxd4 47. Bh6
Qa7 48. Qc6 Rd8 49. Bf4 Qd7 50. Qc5 g5 51. Be5 Qe6 52. Qc7 Qd7 53. Qc5 h6 54.
Qb6 Kh7 55. Nb7 Re8 56. Qf6 Rxe5 57. Qxe5 Qxb7 58. Qxf5+ Kg7 59. Qe5+ Kg8 60.
Qe8+ Kh7 0-1

[Event "Lichtenberger Sommer 2023"]
[Site "Berlin"]
[Date "2023.08.13"]
[Round "2.58"]
[White "Krawczyk, Harald"]
[Black "Mannaberg, Steffen"]
[Result "0-1"]
[WhiteElo "1641"]
[BlackElo "1903"]
[PlyCount "56"]
[EventDate "2023.??.??"]
[WhiteTeam "SG Rot-Weiß Neuenhagen"]
[BlackTeam "vereinslos"]

1. d4 d5 2. c4 c6 3. Nc3 Nf6 4. cxd5 cxd5 5. Nf3 e6 6. e3 a6 7. Be2 Bd6 8. Qc2
Nbd7 9. O-O b5 10. a3 Bb7 11. Bd2 Ne4 12. Qb3 Qb8 13. Rfd1 O-O 14. g3 Ndf6 15.
Be1 g5 16. Rac1 g4 17. Nh4 h5 18. Ng2 Ng5 19. Nf4 Kg7 20. Qc2 Rh8 21. Ng2 h4
22. Nxh4 Rxh4 23. gxh4 Nf3+ 24. Bxf3 gxf3 25. Bd2 Bxh2+ 26. Kh1 Ng4 27. Rg1
Bxg1 28. Rxg1 Qh2# 0-1

[Event "Lichtenberger Sommer 2023"]
[Site "Berlin"]
[Date "2023.08.13"]
[Round "2.59"]
[White "Matthes, Benjamin"]
[Black "von Huebschmann, Andreas"]
[Result "1-0"]
[WhiteElo "1848"]
[BlackElo "1617"]
[PlyCount "97"]
[EventDate "2023.??.??"]
[WhiteTeam "SC Oranienburg e.V."]
[BlackTeam "vereinslos"]

1. e4 e5 2. Nf3 Nf6 3. Nc3 d6 4. d4 exd4 5. Nxd4 Bg4 6. f3 Bd7 7. Bf4 Nc6 8.
Be2 Be7 9. Qd2 Nh5 10. Be3 Bf6 11. O-O-O Nxd4 12. Bxd4 Bxd4 13. Qxd4 Qg5+ 14.
Kb1 Nf4 15. Bc4 O-O 16. h4 Qe7 17. g4 Ne6 18. Qe3 c6 19. Qd2 Rad8 20. Qxd6 Qf6
21. Bxe6 Bxe6 22. Qg3 b5 23. e5 Qe7 24. Ne4 f6 25. exf6 gxf6 26. g5 f5 27. Nf6+
Kh8 28. b3 Bd5 29. Rhe1 Qd6 30. Qxd6 Rxd6 31. Re7 Rdxf6 32. gxf6 Rxf6 33. Rg1
Rg6 34. Rxg6 hxg6 35. f4 a5 36. Kb2 a4 37. Kc3 axb3 38. axb3 Be4 39. Rxe4 fxe4
40. Kd4 e3 41. Kxe3 Kg7 42. b4 Kf6 43. Ke4 Ke6 44. c3 Kd7 45. Kd4 Kc7 46. f5
gxf5 47. h5 f4 48. h6 f3 49. Ke3 1-0

[Event "Lichtenberger Sommer 2023"]
[Site "Berlin"]
[Date "2023.08.13"]
[Round "2.60"]
[White "Willich, Manfred"]
[Black "Beduschi, Ben"]
[Result "1/2-1/2"]
[WhiteElo "1837"]
[BlackElo "1604"]
[PlyCount "70"]
[EventDate "2023.??.??"]
[WhiteTeam "SK Turm Bad Hersfeld"]
[BlackTeam "Barnimer SF im SV Sta"]

1. d4 Nf6 2. c4 e6 3. Nf3 b6 4. g3 Bb7 5. Bg2 Be7 6. O-O O-O 7. Nc3 c5 8. d5 d6
9. e4 exd5 10. cxd5 Re8 11. Qc2 Ba6 12. Re1 Nbd7 13. Bf4 Nh5 14. Be3 g6 15.
Rad1 Ng7 16. Bf4 f5 17. Bh6 fxe4 18. Nxe4 Nf6 19. Bxg7 Kxg7 20. Nfg5 Bc8 21.
Ne6+ Bxe6 22. dxe6 Nxe4 23. Bxe4 Rb8 24. h4 Bf6 25. h5 Rxe6 26. hxg6 hxg6 27.
Bxg6 Be5 28. Bf5 Re8 29. Kg2 Bd4 30. Rxe8 Qxe8 31. Rh1 Qe5 32. Rh7+ Kf6 33.
Rh6+ Kg7 34. Rh7+ Kf6 35. Rh6+ Kg7 1/2-1/2

[Event "Lichtenberger Sommer 2023"]
[Site "Berlin"]
[Date "2023.08.13"]
[Round "2.61"]
[White "Teusch, Lucas"]
[Black "Bezhenar, Georgy"]
[Result "0-1"]
[WhiteElo "1605"]
[BlackElo "1833"]
[PlyCount "94"]
[EventDate "2023.??.??"]
[WhiteTeam "Leegebrucher SF"]
[BlackTeam "SC Kreuzberg e.V."]

1. Nc3 Nf6 2. d4 d5 3. Bf4 c6 4. e3 g6 5. Bd3 Bg7 6. Nf3 O-O 7. O-O Bg4 8. h3
Bxf3 9. Qxf3 Nbd7 10. Ne2 Re8 11. Ng3 e5 12. dxe5 Nxe5 13. Bxe5 Rxe5 14. Rad1
Qe7 15. c3 Re8 16. Bc2 Qc7 17. Rd2 Qb6 18. Bb1 R5e7 19. Re1 Nd7 20. Qd1 Ne5 21.
Qb3 Qc7 22. Bd3 Bh6 23. Be2 Bxe3 24. fxe3 Nc4 25. Bxc4 Qxg3 26. Rde2 dxc4 27.
Qxc4 Rxe3 28. Rxe3 Rxe3 29. Rf1 Re7 30. Qc5 Qe3+ 31. Qxe3 Rxe3 32. Kf2 Re7 33.
g4 h6 34. Kf3 Kg7 35. h4 Re5 36. Rd1 Rd5 37. Rxd5 cxd5 38. g5 hxg5 39. hxg5 f6
40. Kf4 fxg5+ 41. Kxg5 b5 42. b3 Kf7 43. a3 a6 44. Kg4 Kf6 45. Kf4 g5+ 46. Kg4
Kg6 47. b4 Kf6 0-1

[Event "Lichtenberger Sommer 2023"]
[Site "Berlin"]
[Date "2023.08.13"]
[Round "2.62"]
[White "Scheide, Helmut"]
[Black "Vaz da Cruz, Vinicius"]
[Result "1-0"]
[WhiteElo "1832"]
[BlackElo "1600"]
[PlyCount "115"]
[EventDate "2023.??.??"]
[WhiteTeam "USV Potsdam e.V., Abt. Schach"]
[BlackTeam "SSV Rotation Berlin e.V."]

1. Nf3 d5 2. d4 Nf6 3. c4 c6 4. e3 e6 5. Bd3 Bb4+ 6. Bd2 Qa5 7. O-O Nbd7 8. Qc2
dxc4 9. Bxc4 c5 10. Nc3 cxd4 11. exd4 a6 12. Rfe1 O-O 13. Bd3 Qh5 14. Ne5 Ng4
15. Nxg4 Qxg4 16. Re4 Qh5 17. g3 f5 18. Rxe6 Nf6 19. Rxf6 Rxf6 20. Qb3+ Be6 21.
Qxb4 b5 22. Re1 f4 23. Re5 Qg4 24. d5 fxg3 25. Qxg4 gxf2+ 26. Kg2 Bxg4 27. Bf1
Raf8 28. Re3 Rg6 29. Rg3 Bf3+ 30. Kxf2 Bxd5+ 31. Ke1 Re6+ 32. Be3 Bb7 33. Bh3
Re5 34. Kd2 Rd8+ 35. Kc2 b4 36. Ne2 Be4+ 37. Kb3 Rd3+ 38. Kc4 Rxe3 39. Rxe3
Bd5+ 40. Kd4 Rxe3 41. Kxe3 Bxa2 42. Kd4 a5 43. Kc5 Bb1 44. Nd4 Bd3 45. Nc6 a4
46. Kxb4 Bc2 47. Nd4 Bd1 48. Bd7 g5 49. Bxa4 Bg4 50. Kc5 Bc8 51. Kd6 Kf7 52. b4
Ba6 53. Bd7 h5 54. Ke5 Kg6 55. Ne6 g4 56. Be8+ Kh6 57. Kf4 Bc4 58. Nd4 1-0

[Event "Lichtenberger Sommer 2023"]
[Site "Berlin"]
[Date "2023.08.13"]
[Round "2.63"]
[White "Hoppe, Arthur"]
[Black "Hoyer, Olaf"]
[Result "0-1"]
[WhiteElo "1591"]
[BlackElo "1826"]
[PlyCount "88"]
[EventDate "2023.??.??"]
[WhiteTeam "SC Kreuzberg e.V."]
[BlackTeam "SC Braunschweig Gliesmarode v. 1"]

1. d4 Nf6 2. c4 e6 3. Nf3 b6 4. e3 Bb7 5. Bd3 Be7 6. b3 d5 7. Bb2 Nbd7 8. Nbd2
Ne4 9. Rc1 O-O 10. cxd5 exd5 11. Qc2 f5 12. Qxc7 Rb8 13. Bb5 Ndf6 14. Nxe4 fxe4
15. Qxd8 Rfxd8 16. Ne5 Bb4+ 17. Ke2 Rbc8 18. a3 Bd6 19. Nc6 Bxc6 20. Rxc6 a6
21. Rhc1 Ra8 22. Rxb6 axb5 23. b4 Rab8 24. Rcc6 Be7 25. Ra6 Ra8 26. Rab6 Rab8
27. Rxb8 Rxb8 28. f3 Kf8 29. f4 Ke8 30. h3 Kd7 31. Rc2 h5 32. g3 Rc8 33. Rxc8
Kxc8 34. Bc1 Kd7 35. Bd2 Ke6 36. Kf2 Kf5 37. h4 Kg4 38. Kg2 Ng8 39. Bc1 Nh6 40.
a4 bxa4 41. b5 a3 42. b6 a2 43. b7 Bd6 44. Bb2 Nf5 0-1

[Event "Lichtenberger Sommer 2023"]
[Site "Berlin"]
[Date "2023.08.13"]
[Round "2.64"]
[White "Jeß, Arne"]
[Black "Hafermann, Lara"]
[Result "1-0"]
[WhiteElo "1824"]
[BlackElo "1590"]
[PlyCount "103"]
[EventDate "2023.??.??"]
[WhiteTeam "TSG Rot-Weiß Fredersdorf/Vogelsd"]
[BlackTeam "SC Borussia Lichtenberg"]

1. e4 d5 2. exd5 Qxd5 3. Nc3 Qd6 4. h3 Nf6 5. Nf3 c6 6. Bc4 Bf5 7. d3 Nbd7 8.
Bb3 Nc5 9. Be3 e6 10. Qd2 Qc7 11. Nh4 Bg6 12. Nxg6 hxg6 13. O-O-O a5 14. a3
Nxb3+ 15. cxb3 Be7 16. Rhe1 O-O 17. Qc2 Rfd8 18. f3 Nd5 19. Nxd5 Rxd5 20. Rd2
Rb5 21. d4 Qd6 22. Rd3 Rd8 23. Red1 Bf6 24. Qd2 Rd5 25. Kc2 Kf8 26. Bf4 Qd7 27.
Be5 Ke7 28. f4 c5 29. Qxa5 Bxe5 30. fxe5 cxd4 31. Qb4+ Ke8 32. Kb1 f6 33. exf6
gxf6 34. Qd2 e5 35. Qh6 Qf5 36. g4 Qe4 37. Qg7 R5d6 38. Ka2 f5 39. gxf5 gxf5
40. Rg3 d3 41. Qh7 Rf6 42. Rg7 Rdd6 43. Rxb7 Qxb7 44. Qxb7 e4 45. Rg1 Rg6 46.
Rxg6 Rxg6 47. Qc8+ Ke7 48. Qxf5 Re6 49. Qc5+ Rd6 50. Qe5+ Kd7 51. Qxe4 d2 52.
Qg4+ 1-0

[Event "Lichtenberger Sommer 2023"]
[Site "Berlin"]
[Date "2023.08.13"]
[Round "2.65"]
[White "Lotzmanov, Peter"]
[Black "Kandeler, Christian"]
[Result "1/2-1/2"]
[WhiteElo "1591"]
[BlackElo "1804"]
[PlyCount "105"]
[EventDate "2023.??.??"]
[WhiteTeam "BSG Stahl Eisenh ttenstadt e.V."]
[BlackTeam "TSG Obersch neweide e.V."]

1. d4 Nf6 2. c4 g6 3. g3 c6 4. Bg2 d5 5. Nd2 Bg7 6. Ngf3 O-O 7. O-O Nbd7 8. b3
a5 9. Qc2 b5 10. e4 Ba6 11. e5 Ne8 12. Bb2 Nc7 13. Rac1 Rc8 14. Rfe1 e6 15. c5
b4 16. a4 h5 17. h4 Bh6 18. Rcd1 Ne8 19. Bc1 Ng7 20. Nf1 Bxc1 21. Qxc1 Nf5 22.
Ne3 Nxe3 23. Qxe3 Kg7 24. Ng5 Qe7 25. Bh3 Rh8 26. Qf4 Nf8 27. Re3 Nh7 28. Rde1
Nxg5 29. hxg5 Rcf8 30. Rf3 Rb8 31. Ree3 Rbd8 32. Qh4 Rdf8 33. Rf6 Qe8 34. Qf4
Qe7 35. Bg2 Qe8 36. Bf3 Qe7 37. Bd1 Qe8 38. Rf3 Qe7 39. Qd2 Qe8 40. Bc2 Qe7 41.
Bb1 Qe8 42. Qc2 Rhg8 43. R3f4 Rh8 44. Rh4 Rh7 45. Rhf4 Rhh8 46. Qd1 Rh7 47. Qf3
Rhh8 48. Rh4 Rh7 49. g4 Rfh8 50. gxh5 Rxh5 51. Rxh5 Rxh5 52. Qf4 Rh3 53. Bc2
1/2-1/2

[Event "Lichtenberger Sommer 2023"]
[Site "Berlin"]
[Date "2023.08.13"]
[Round "2.66"]
[White "Kretzschmar, Jan"]
[Black "Rotermund, Verena"]
[Result "0-1"]
[WhiteElo "1803"]
[BlackElo "1553"]
[PlyCount "72"]
[EventDate "2023.??.??"]
[WhiteTeam "SC Kreuzberg e.V."]
[BlackTeam "Vorw.Orient Mainz"]

1. d4 Nf6 2. Bf4 d6 3. e3 g6 4. Be2 Bg7 5. h4 c5 6. c3 h6 7. Nd2 Nc6 8. Ngf3
Bg4 9. Ng1 Bxe2 10. Nxe2 e5 11. Bh2 Ng4 12. Bg1 cxd4 13. cxd4 exd4 14. exd4 Qe7
15. Kf1 O-O 16. Nc3 Nf6 17. Nf3 Rfe8 18. Bh2 a5 19. Bf4 Nh5 20. Bh2 Qd7 21. Nd5
Rad8 22. Nf4 Nxf4 23. Bxf4 Nb4 24. Kg1 Qb5 25. a3 Nd5 26. Bc1 Re2 27. g3 Rde8
28. Kg2 Qc6 29. Rf1 Ne3+ 30. Bxe3 R8xe3 31. d5 Qe8 32. Nd2 Rd3 33. Re1 Rxe1 34.
Qxe1 Qxe1 35. Rxe1 Rxd2 36. Re8+ Bf8 0-1

[Event "Lichtenberger Sommer 2023"]
[Site "Berlin"]
[Date "2023.08.13"]
[Round "2.67"]
[White "Mazurtsova, Margarita"]
[Black "Bruening, Wolfgang"]
[Result "1-0"]
[WhiteElo "1526"]
[BlackElo "1801"]
[PlyCount "167"]
[EventDate "2023.??.??"]
[WhiteTeam "SC Kreuzberg e.V."]
[BlackTeam "vereinslos"]

1. c4 Nf6 2. Nc3 g6 3. g3 d5 4. cxd5 Nxd5 5. Bg2 Nb6 6. Nf3 Bg7 7. O-O O-O 8.
d3 Nc6 9. Be3 e5 10. Rc1 Qe7 11. Ne4 Nd4 12. Nxd4 exd4 13. Bf4 Nd5 14. Bg5 f6
15. Bd2 c6 16. Qb3 Rf7 17. Rfe1 a5 18. Nc5 Nb4 19. a3 Na6 20. Nxa6 Rxa6 21. e4
Be6 22. Qc2 Bf8 23. f4 a4 24. Bb4 Qd7 25. Bxf8 Rxf8 26. Qf2 Ra5 27. Re2 b6 28.
Qe1 Bg4 29. Rf2 c5 30. Bf3 Be6 31. Qe2 Ra7 32. Re1 Rc7 33. e5 f5 34. Rc1 b5 35.
Qd2 Rd8 36. Rff1 Bb3 37. Bd1 Be6 38. Bf3 Rb8 39. Rfe1 b4 40. axb4 cxb4 41. Rxc7
Qxc7 42. Rc1 Qe7 43. Ra1 Bb3 44. Bc6 Rc8 45. Bxa4 Bd5 46. Rc1 Rc5 47. Rxc5 Qxc5
48. Qc2 Qxc2 49. Bxc2 Kf7 50. Kf2 Ke7 51. Bd1 Kd7 52. Bf3 Ba2 53. h3 Ke6 54.
Bb7 Kd7 55. g4 Be6 56. Bf3 Ke7 57. Kg3 Kf7 58. gxf5 gxf5 59. Kh4 h6 60. Bh5+
Kg7 61. Be8 Bc8 62. Bb5 Kg6 63. Bc4 Bd7 64. Ba6 Be8 65. Bc4 Kg7 66. Kg3 Bd7 67.
Kh4 Be8 68. Kg3 Bd7 69. h4 Kf8 70. Kf3 Kg7 71. Ke2 Ba4 72. Be6 Kg6 73. h5+ Kxh5
74. Bxf5 Be8 75. Kf3 Kh4 76. e6 Bc6+ 77. Be4 Be8 78. Bb7 Bg6 79. Bc6 Bh5+ 80.
Ke4 Kg3 81. e7 Bf3+ 82. Ke5 Bxc6 83. f5 Kg4 84. f6 1-0

[Event "Lichtenberger Sommer 2023"]
[Site "Berlin"]
[Date "2023.08.13"]
[Round "2.68"]
[White "Strehlow, Horst"]
[Black "Maart, Hagen"]
[Result "0-1"]
[WhiteElo "1900"]
[BlackElo "1334"]
[PlyCount "104"]
[EventDate "2023.??.??"]
[WhiteTeam "SG TT/WiHeil"]
[BlackTeam "Kieler SG von 18"]

1. e4 e6 2. d4 d5 3. Nd2 c5 4. c3 Nc6 5. e5 Qb6 6. Nb3 cxd4 7. cxd4 Bd7 8. f4
Nh6 9. Nf3 Be7 10. Bd3 Rc8 11. Be3 Nb4 12. Bb1 Bb5 13. a3 Na6 14. Ba2 Nf5 15.
Bd2 Ba4 16. g4 Nh6 17. Ba5 Qxa5+ 18. Nxa5 Bxd1 19. Kxd1 b6 20. g5 Nf5 21. Nb3
O-O 22. Kd2 g6 23. Rac1 Nb8 24. Bb1 Ng7 25. Rxc8 Rxc8 26. Nc1 Nc6 27. b4 a5 28.
b5 Na7 29. a4 Bb4+ 30. Kd3 Rc3+ 31. Ke2 Nh5 32. Nd3 Ra3 33. Rc1 Rxa4 34. f5
Nxb5 35. Rc8+ Bf8 36. f6 Nxd4+ 37. Nxd4 Rxd4 38. Rb8 Rg4 39. Rxb6 Rxg5 40. Ra6
Rg2+ 41. Kf3 Rxh2 42. Rxa5 Rh1 43. Bc2 Rh4 44. Ra7 Rc4 45. Ba4 Rc8 46. Bd7 Rd8
47. Ke3 Ng3 48. Kf4 Nf5 49. Rc7 Ra8 50. Bc6 Rb8 51. Bd7 h5 52. Kg5 Bh6# 0-1

[Event "Lichtenberger Sommer 2023"]
[Site "Berlin"]
[Date "2023.08.13"]
[Round "2.69"]
[White "Ruddat, Mathias"]
[Black "Oppermann, Peter"]
[Result "0-1"]
[WhiteElo "1514"]
[BlackElo "1796"]
[PlyCount "60"]
[EventDate "2023.??.??"]
[WhiteTeam "TSG Oberschöneweide e.V."]
[BlackTeam "SK Bad Harzburg"]

1. e4 e6 2. d4 d5 3. exd5 exd5 4. Bd3 Nf6 5. Nf3 Be7 6. O-O O-O 7. Bg5 Nbd7 8.
Nbd2 h6 9. Bh4 b6 10. c4 Bb7 11. Re1 Re8 12. Rc1 c5 13. dxc5 Nxc5 14. Bb1 Nfe4
15. Bxe7 Rxe7 16. Qc2 f5 17. cxd5 Qxd5 18. Qc4 Rae8 19. Qxd5+ Bxd5 20. Nxe4
fxe4 21. Nd4 Nd3 22. Bxd3 exd3 23. Rxe7 Rxe7 24. Nf5 Re2 25. Kf1 Bxa2 26. Rd1
Rxb2 27. Ke1 Re2+ 28. Kf1 Bc4 29. Ne3 Bb5 30. Rb1 d2 0-1

[Event "Lichtenberger Sommer 2023"]
[Site "Berlin"]
[Date "2023.08.13"]
[Round "2.70"]
[White "Guder, Sibylle"]
[Black "Bernhofen, Helmut"]
[Result "1-0"]
[WhiteElo "1796"]
[BlackElo "1549"]
[PlyCount "101"]
[EventDate "2023.??.??"]
[WhiteTeam "SF Berlin 1903 e.V."]
[BlackTeam "SC Kreuzberg e.V."]

1. c4 c5 2. g3 e6 3. Bg2 Qc7 4. Nf3 b6 5. O-O Bb7 6. d3 Nf6 7. Nc3 a6 8. b3 Be7
9. e4 d6 10. Bb2 Nbd7 11. Qe2 O-O 12. Rad1 Rfe8 13. Rfe1 Rac8 14. Qc2 Qb8 15.
Qb1 Qa8 16. Nd2 e5 17. Nf1 Nf8 18. Ne3 Ne6 19. Rf1 h5 20. Bc1 Nd4 21. Qb2 b5
22. Ne2 Ng4 23. Nc3 Rf8 24. Ned5 Bd8 25. h3 Nf6 26. Nxf6+ Bxf6 27. Be3 b4 28.
Bxd4 cxd4 29. Ne2 g6 30. f4 Bg7 31. f5 Bh6 32. Kh2 Rce8 33. h4 g5 34. hxg5 Bxg5
35. Bf3 Kg7 36. Bxh5 Kf6 37. g4 Rh8 38. Kg3 Bxe4 39. dxe4 Qxe4 40. Rf3 Rxh5 41.
gxh5 Qh4+ 42. Kg2 Qg4+ 43. Ng3 Rh8 44. Rh1 Bh4 45. Rh3 Rxh5 46. a3 a5 47. axb4
axb4 48. Qe2 Rg5 49. Kh2 Rg7 50. Ne4+ Ke7 51. f6+ 1-0

[Event "Lichtenberger Sommer 2023"]
[Site "Berlin"]
[Date "2023.08.13"]
[Round "2.71"]
[White "Wadepfuhl, Jeremy"]
[Black "Franz, Jonathan"]
[Result "1-0"]
[WhiteElo "1789"]
[BlackElo "1537"]
[PlyCount "51"]
[EventDate "2023.??.??"]
[WhiteTeam "SC Borussia Lichtenberg"]
[BlackTeam "Potsdamer SV Mitte e.V."]

1. e4 c6 2. d4 d5 3. e5 c5 4. dxc5 e6 5. a3 Bxc5 6. Qg4 Kf8 7. Nf3 Ne7 8. b4
Bb6 9. Bg5 Qc7 10. Bd3 Ng6 11. Bxg6 hxg6 12. O-O a6 13. Nbd2 Nc6 14. Rfe1 Qb8
15. Re2 Bd7 16. c4 Bc7 17. Rae1 dxc4 18. Nxc4 b5 19. Rd2 Bc8 20. Nd6 Bxd6 21.
exd6 Bd7 22. Rc1 Qb6 23. Rdc2 f6 24. Be3 Qb8 25. Rxc6 Bxc6 26. Rxc6 1-0

[Event "Lichtenberger Sommer 2023"]
[Site "Berlin"]
[Date "2023.08.13"]
[Round "2.72"]
[White "Schade, Stanley"]
[Black "Sommer, Ingo"]
[Result "0-1"]
[WhiteElo "1500"]
[BlackElo "1787"]
[PlyCount "90"]
[EventDate "2023.??.??"]
[WhiteTeam "vereinslos"]
[BlackTeam "SC Kreuzberg e.V."]

1. e4 e6 2. d4 d5 3. Nd2 Nf6 4. e5 Nfd7 5. Ndf3 c5 6. c3 Nc6 7. Ne2 Be7 8. Ng3
h5 9. h4 Qb6 10. a3 cxd4 11. cxd4 Na5 12. Rb1 Bxa3 13. Ne2 Bb4+ 14. Nd2 Nc4 15.
f4 Ne3 16. Qa4 O-O 17. Kf2 Nf5 18. Nf3 f6 19. Be3 fxe5 20. fxe5 Nxe3 21. Kxe3
Nb8 22. Qc2 Bd7 23. Ng5 Rf5 24. Nf3 Nc6 25. Ng3 Raf8 26. Nxf5 Rxf5 27. Bd3
Rxf3+ 28. gxf3 Qxd4+ 29. Ke2 Qxe5+ 30. Kf1 Nd4 31. Qf2 Nb3 32. Rd1 Qf4 33. Kg2
Bc5 34. Qg3 Qf6 35. Qg6 Qxb2+ 36. Bc2 Nd4 37. Rxd4 Bxd4 38. Rb1 Qc3 39. Rxb7
Qc8 40. Qh7+ Kf7 41. Bg6+ Ke7 42. Rb3 Qc1 43. Rb1 Qd2+ 44. Kh3 Be5 45. Rh1 Qf2
0-1

[Event "Lichtenberger Sommer 2023"]
[Site "Berlin"]
[Date "2023.08.13"]
[Round "2.73"]
[White "Ho, Ngoc Hai-Dang"]
[Black "Schacht, Thomas"]
[Result "1-0"]
[WhiteElo "1782"]
[BlackElo "1518"]
[PlyCount "129"]
[EventDate "2023.??.??"]
[WhiteTeam "SV Mattnetz Berlin e.V."]
[BlackTeam "BSV 63 Chemie Weißensee"]

1. e4 c5 2. Nf3 e6 3. d4 cxd4 4. Nxd4 a6 5. a3 Qc7 6. Nc3 b5 7. Be2 Bb7 8. O-O
Nf6 9. Qd3 Bd6 10. f4 Bc5 11. Be3 Nc6 12. Nxc6 Bxe3+ 13. Qxe3 Qxc6 14. Bf3 O-O
15. e5 Nd5 16. Nxd5 exd5 17. c3 Rfe8 18. Rad1 Qe6 19. Qd4 d6 20. exd6 Qxd6 21.
Bxd5 Bxd5 22. Qxd5 Qb6+ 23. Qd4 Qe6 24. Qf2 f5 25. Rfe1 Qb3 26. Rxe8+ Rxe8 27.
Rd7 Qe6 28. Qd2 Qe1+ 29. Qxe1 Rxe1+ 30. Kf2 Rb1 31. Rd2 Kf7 32. Ke3 Ke6 33. Kd4
Kd6 34. c4 Kc6 35. cxb5+ axb5 36. Kc3 Re1 37. b3 Re3+ 38. Kc2 h6 39. g3 g5 40.
fxg5 hxg5 41. Rf2 f4 42. gxf4 gxf4 43. h4 Kd5 44. Rxf4 Rh3 45. a4 bxa4 46. Rxa4
Kc5 47. Kb2 Kb5 48. Rg4 Rh1 49. Kc3 Rh3+ 50. Kc2 Rh2+ 51. Kd3 Rh3+ 52. Ke4 Rxb3
53. Kf5 Kc6 54. Rd4 Rb8 55. h5 Rh8 56. Kg6 Kc5 57. Rd1 Rg8+ 58. Kf7 Rh8 59. Rh1
Kd6 60. h6 Rh7+ 61. Kg6 Re7 62. h7 Re6+ 63. Kf7 Re7+ 64. Kf8 Ke6 65. Re1+ 1-0